MARC

LEADER 00000nam0a2200000 4500
001 76471
005 20231031091659.0
035 |a (RuTPU)RU\TPU\book\81945 
090 |a 76471 
100 |a 20050421d1978 k y0rusy50 ca 
101 0 |a rus 
102 |a RU 
105 |a a z 001zy 
200 1 |a Информационные сети и их анализ  |e сборник статей  |f Академия Наук СССР, Институт проблем передачи информации; под ред. А. Д. Харкевич, В. А. Гармаш 
210 |a Москва  |c Наука  |d 1978 
215 |a 220 с.  |c ил. 
320 |a Библиография в конце статей 
610 1 |a сборники 
610 1 |a информационные сети 
610 1 |a информация 
610 1 |a анализ 
610 1 |a синтез 
610 1 |a сети связи 
675 |a 681.518  |v 3 
702 1 |a Харкевич  |b А. Д.  |g Анатолий Демьянович  |4 340 
702 1 |a Гармаш  |b В. А.  |4 340 
712 0 2 |a Академия наук СССР (АН СССР)  |b Институт проблем передачи информации (ИППИ)  |c (Москва)  |2 stltpush  |3 (RuTPU)RU\TPU\col\12444 
801 1 |a RU  |b 63413507  |c 20050421  |g PSBO 
801 2 |a RU  |b 63413507  |c 20161024  |g PSBO 
942 |c BK